000 00875nam a22002657a 4500
001 3837
003 FISKH
005 20240516092449.0
008 240516b cb ||||| |||| 00| 0 eng d
020 _a0395171938
040 _aFISKH
_beng
_cFISKH
_dFISKH
050 _a808.068
082 _aFic
100 _aAnagnostaras, Monica
245 _aChico saves the money /
_cby Monica Anagnostaras
260 _aBoston :
_bHoughto Miffin Company ;
_c1973
300 _a16 unnubered pages :
_bcolor illustrations ;
_c26 cm .
505 _aK
520 _aMomo's pet monkey Chico acts mischievously when they go to the market to sell bananas, but Chico retrieves the money Momo made when it is stolen by an older boy
521 8 _a510
_bLexile estimate
521 8 _aK
_bRaz-Plus
690 _aChico
_vFiction
942 _2ddc
_cBK
_n0
999 _c3837
_d3837